000 00940nam a22002297a 4500
001 8713
003 FISKH
005 20251013144510.0
008 251013b cb ||||| |||| 00| 0 eng d
020 _a9781107611429
040 _aFISKH
_beng
_cFISKH
_dFISKH
082 _a507
100 _aBoard, Jon
245 _aCambridge primary science activity book 1 /
_cJon Board and Alan Cross
260 _aNew York :
_bCambridge,
_c2014.
300 _a65 pages :
_bcolor illustrations ;
_c28 cm
520 _aCambridge Primary Science is a flexible, engaging course written specifically for the Cambridge Primary Science curriculum framework. This Activity Book for Stage 2 contains exercises to support each topic in the Learner's Book, which may be completed in class or set as homework
650 _aCambridge Primary Science
_v Stage 1
_xSchool activity book
700 _aCross, Alan
_eAuthor
942 _2ddc
_cBK
_n0
999 _c8713
_d8713